|
|
|
|
| LEADER |
00000cam a2200000 a 4500 |
| 001 |
54140 |
| 003 |
CZ-ZlUTB |
| 005 |
20190826002019.0 |
| 007 |
ta |
| 008 |
091022s2009 xr e 000 0dcze |
| 020 |
|
|
|a 9788073872915
|q (váz.)
|
| 040 |
|
|
|a ABA001
|b cze
|d ZLD002
|
| 043 |
|
|
|a e-cs---
|
| 045 |
|
|
|a x4x6
|a x6x6
|
| 072 |
|
7 |
|a 17
|x Etika. Morální filozofie
|2 Konspekt
|9 5
|
| 080 |
|
|
|a 378.011.3-052
|2 MRF
|
| 080 |
|
|
|a 323.22
|2 MRF
|
| 080 |
|
|
|a 179.7
|2 MRF
|
| 080 |
|
|
|a 323.269
|2 MRF
|
| 080 |
|
|
|a 159.9
|2 MRF
|
| 080 |
|
|
|a 17
|2 MRF
|
| 080 |
|
|
|a 32
|2 MRF
|
| 080 |
|
|
|a 177.75
|2 MRF
|
| 080 |
|
|
|a 27
|2 MRF
|
| 080 |
|
|
|a 27-42
|2 MRF
|
| 080 |
|
|
|a (437)
|2 MRF
|
| 080 |
|
|
|a (048.8)
|2 MRF
|
| 100 |
1 |
|
|a Šrajer, Jindřich,
|d 1964-
|7 kpwa11694
|4 aut
|
| 245 |
1 |
0 |
|a Suicidium, sebeobětování nebo mučednictví? /
|c Jindřich Šrajer
|
| 250 |
|
|
|a Vyd. 1.
|
| 260 |
|
|
|a Praha :
|b Triton,
|c 2009
|
| 300 |
|
|
|a 235 s. ;
|c 21 cm
|
| 504 |
|
|
|a Obsahuje bibliografii a bibliografické odkazy
|
| 600 |
1 |
7 |
|a Palach, Jan,
|d 1948-1969
|7 jn19990009947
|2 czenas
|
| 655 |
|
7 |
|a studie
|7 fd133597
|2 czenas
|
| 655 |
|
9 |
|a studies
|2 eczenas
|
| 648 |
|
4 |
|a 1948-1969
|
| 648 |
|
7 |
|a 1968-1969
|7 ch525259
|2 czenas
|
| 650 |
0 |
7 |
|a vysokoškolští studenti
|7 ph127281
|z Československo
|2 czenas
|
| 650 |
0 |
7 |
|a protestní hnutí
|7 ph124669
|z Československo
|y 1968-1969
|2 czenas
|
| 650 |
0 |
7 |
|a sebeupálení
|7 ph493982
|x politické aspekty
|2 czenas
|
| 650 |
0 |
7 |
|a sebeupálení
|7 ph493982
|x psychologické aspekty
|2 czenas
|
| 650 |
0 |
7 |
|a sebeupálení
|7 ph493982
|x etické a morální aspekty
|2 czenas
|
| 650 |
0 |
7 |
|a sebeupálení
|7 ph493982
|x křesťanské pojetí
|2 czenas
|
| 650 |
0 |
7 |
|a oběť
|7 ph123643
|x křesťanské pojetí
|2 czenas
|
| 650 |
0 |
7 |
|a křesťanská etika
|7 ph138484
|2 czenas
|
| 650 |
0 |
9 |
|a college students
|z Czechoslovakia
|2 eczenas
|
| 650 |
0 |
9 |
|a protest movements
|z Czechoslovakia
|y 1968-1969
|2 eczenas
|
| 650 |
0 |
9 |
|a self-burn
|x political aspects
|2 eczenas
|
| 650 |
0 |
9 |
|a self-burn
|x psychological aspects
|2 eczenas
|
| 650 |
0 |
9 |
|a self-burn
|x Christian approach
|2 eczenas
|
| 650 |
0 |
9 |
|a self-burn
|x ethical and moral aspects
|2 eczenas
|
| 650 |
0 |
9 |
|a offering
|x Christian approach
|2 eczenas
|
| 650 |
0 |
9 |
|a Christian ethics
|2 eczenas
|
| 910 |
|
|
|a ZLD002
|
| 952 |
|
|
|0 0
|1 0
|4 0
|6 17ŠRAJERJ
|7 0
|8 BOOK
|9 99019
|a UTBZL
|b UTBZL
|c 005
|d 2009-11-27
|l 0
|o 17/ŠRAJER,J.
|p 420010128754
|r 2019-08-26 00:00:00
|v 298.00
|w 2019-08-26
|x N:nákup; | 20100831
|y 01
|
| 992 |
|
|
|a BK
|b SK
|
| 998 |
|
|
|a 002007037
|
| 999 |
|
|
|c 54140
|d 54140
|